| 000 | 00367cam a2200157ua 4500 | ||
|---|---|---|---|
| 041 |
_aeng _h |
||
| 082 |
_a691.8 _bMAC/AL |
||
| 100 | _aBrimelows, E.I . | ||
| 245 |
_aAluminium in building / _cE.I.Brimelows. _hTextual Documents |
||
| 250 |
_a1 / _b. |
||
| 260 |
_a : _bMacdonald , _c1957. |
||
| 300 | _a378 ; . | ||
| 504 | _a | ||
| 942 | _cBK | ||
| 999 |
_c2285 _d2285 |
||